| 000 | 00671nam a2200169Ia 4500 | ||
|---|---|---|---|
| 005 | 20250718142147.0 | ||
| 008 | 250718s9999 xx 000 0 und d | ||
| 020 | _a9781905172610 | ||
| 082 |
_a941.60824 _bDEB |
||
| 100 | _aBréadún, Deaglán De | ||
| 245 | 4 | _aThe Far Side of Revenge | |
| 260 | _c2008 | ||
| 300 | _a468 pages | ||
| 500 | _aThe world looked on with astonishment as the bitter, bloody conflict in Northern Ireland came to an end. This [book] encompasses the historic power-sharing agreement of 2007 between Sinn Féin, politicla wingo of the IRA, and Ian Paisley's Democratic Unionist Party. --back cover. | ||
| 650 | _aHistory | ||
| 942 | _cENGLISH | ||
| 999 |
_c576381 _d576381 |
||